| 000 | 00549cam a2200217ua 4500 | ||
|---|---|---|---|
| 001 | 365 | ||
| 008 | 110330n ii |||gr||||Z||||||asm | ||
| 020 | _a81-7339-025-8 | ||
| 040 | _cMAIN | ||
| 082 | _a320.5 | ||
| 245 | 1 |
_aRajnaitik tattwa _cby Purandar Gogoi |
|
| 250 | _a7th. | ||
| 260 |
_aGuwahati: _bBanalata,994. |
||
| 300 |
_a488p: _c25cm. |
||
| 653 | _aPolitical science | ||
| 653 | _aPolitical theory | ||
| 653 | _arajnaitik tattwa | ||
| 700 |
_aGogoi, Purandar. , _eAuthor. |
||
| 700 |
_aChakraborty, Dilip Kumar., _eAuthor. |
||
| 942 | _cBK | ||
| 999 |
_c313 _d313 |
||